000 006180000a22002050004500
001 29678
010 _a978-972-21-1947-4
090 _a29678
100 _a20090707d2007 a y0pory5003 ba
101 0 _apor
102 _aPT
200 1 _aMais ou menos meio metro...
_ftexto Ana Saldanha
_gil. Gémeo Luís
210 _aLisboa
_cCaminho
_d2007
215 _a20, [3] p.
_cil.
675 _a087.5
_vBN
_zpor
675 _a821.134.3-1
_vBN
_zpor
700 1 _aSaldanha
_bAna
_f1959-
702 1 _921671
_4440
_aGémeo
_bLuís
_cpseud.
942 _cMON
_n0
999 _a29678
_bBibliobase - BMTAV
_c2019-01-21